|
|
|
|
| LEADER |
00737nab a2200217 i 4500 |
| 001 |
publ17357 |
| 005 |
20191108153743.0 |
| 008 |
191108s2018 hu o 0|| zxx d |
| 022 |
|
|
|a 0002-5240
|
| 024 |
7 |
|
|a 10.1007/s00012-018-0547-3
|2 doi
|
| 024 |
7 |
|
|a 3417354
|2 mtmt
|
| 040 |
|
|
|a SZTE Publicatio Repozitórium
|b hun
|
| 041 |
|
|
|a zxx
|
| 100 |
1 |
|
|a Lehtonen Erkko
|
| 245 |
1 |
0 |
|a Reflection-closed varieties of multisorted algebras and minor identities
|h [elektronikus dokumentum] /
|c Lehtonen Erkko
|
| 260 |
|
|
|c 2018
|
| 300 |
|
|
|a Paper 70-18 p
|
| 490 |
0 |
|
|a ALGEBRA UNIVERSALIS
|v 79 No. 3
|
| 700 |
0 |
1 |
|a Pöschel Reinhard
|e aut
|
| 700 |
0 |
1 |
|a Waldhauser Tamás
|e aut
|
| 856 |
4 |
0 |
|u http://publicatio.bibl.u-szeged.hu/17357/1/2018_4.pdf
|z Dokumentum-elérés
|